000 01149nam a2200265 i 4500
001 92747
003 ES-MaACL
005 20251122063118.0
007 t|
008 050428s1916 sp |||| | spa d
080 _a641.5(0:82)
080 _a821.134.2 Cervantes Saavedra, Miguel de 7 Quijote
100 1 _aRodríguez Marín, Francisco,
_d1855-1943
_998634
245 1 3 _aEl yantar de Alonso Quijano el Bueno :
_bconferencia leída en el Ateneo de Madrid el día 5 de abril de 1916 /
_cpor Francisco Rodríguez Marín.
260 _aMadrid :
_b[s.n.],
_c1916 (
_fTip. de la "Revista de Arch., Bibl. y Museos")
300 _a35 p. ;
_c25 cm.
530 _aDisponible en formato digital.
600 1 4 _aCervantes Saavedra, Miguel de,
_d1547-1616.
_tDon Quijote de la Mancha
_937612
610 2 4 _aAteneo de Madrid-
_vConferencias-
_y1900-1939
_91907
650 4 _aCocina-
_xEn la literatura.
_9137551
852 _aES-MaACL
_j2187-F-18
_cDEPOF
_zRevisado enlace: 23 de Abril de 2025
856 _uhttps://archive.org/details/elyantardealonso00rodr/page/6/mode/2up?view=theater
_yInternet Archive
942 _2udc
999 _c92747
_d92747